|
|
|
|
| LEADER |
00000cam a2200000 7i4500 |
| 001 |
0000012148 |
| 005 |
20071204.0 |
| 020 |
|
|
|a 9833730019
|
| 090 |
0 |
0 |
|a 899.2333
|b TAL
|
| 100 |
0 |
|
|a Talib Samat
|
| 245 |
1 |
0 |
|a Selagi Hidup selagi berjuang
|c Talib Samat
|
| 260 |
|
|
|a Penang :
|b Goal Intelligent Publishing ,
|c 2006
|
| 650 |
|
0 |
|a Malay fiction
|
| 999 |
|
|
|a 0001004301
|b Book
|c Adult Collection
|e Perbadanan Perpustakaan Awam Johor
|
| 999 |
|
|
|a 0001004302
|b Book
|c Adult Collection
|e Perbadanan Perpustakaan Awam Johor
|
| 999 |
|
|
|a 0001004303
|b Book
|c Adult Collection
|e Perbadanan Perpustakaan Awam Johor
|
| 999 |
|
|
|a 0001004305
|b Book
|c Adult Collection
|e Perbadanan Perpustakaan Awam Johor
|
| 999 |
|
|
|a 0001022233
|b Book
|c Adult Collection
|e Cawangan Segamat
|
| 999 |
|
|
|a 0001022234
|b Book
|c Adult Collection
|e Cawangan Pontian
|
| 999 |
|
|
|a 0001151669
|b Book
|c Adult Collection
|e Cawangan Tmn. Ungku Tun Aminah
|
| 999 |
|
|
|a 0001151670
|b Book
|c Adult Collection
|e Cawangan Bandar Penawar
|
| 999 |
|
|
|a 0001151671
|b Book
|c Adult Collection
|e Cawangan Segamat
|